=LDR 00000nam 2200000 4500 =001 NUTBA000000000002888 =005 20140708103810.0 =006 =007 =008 =020 ##$$a 978-979-571-456-9 =035 ##$$a 0010-071400000000076 =040 ##$$a NBPDMAT =082 ##$$a 749.7 =090 ##$$a 749.7 $b Nan k =100 ##$$a Nanan Sekarningrum =245 ##$$a Kreasi pigura / $c Nana Sekarningrum =260 ##$$a Jakarta : $b Ganeca Exact, $c 2007 =300 ##$$a iv, 44 hlm. : $b ilus. ; $c 21 cm. =650 ##$$a Pigura =850 ##$$a NBPDMAT =990 ##$$a 21403002